[Event "European Rapid 2017"]
[Site "Katowice POL"]
[Date "2017.12.16"]
[Round "5.58"]
[White "Bossy, Arnim"]
[Black "Sammalvuo, Tapani"]
[Result "0-1"]
[BlackTitle "IM"]
[WhiteElo "2181"]
[BlackElo "2416"]
[WhiteFideId "4669100"]
[BlackFideId "501115"]
[EventDate "2017.12.16"]

1. d4 Nf6 2. Bg5 d5 3. Bxf6 exf6 4. e3 c6 5. Bd3 Bd6 6. Nd2 f5 7. Ne2 O-O 8. O-O
g6 9. c4 dxc4 10. Nxc4 Bc7 11. b4 b5 12. Ne5 Qe7 13. Qb3 Bxe5 14. dxe5 Qxe5 15.
Rac1 a5 16. Nd4 Qd6 17. Rfd1 Qxb4 18. Nxc6 Nxc6 19. Rxc6 Qxb3 20. axb3 Rd8 21.
Be2 Rxd1+ 22. Bxd1 a4 23. bxa4 bxa4 24. Rc1 Be6 25. Kf1 a3 26. Ke1 a2 27. Ra1
Rb8 28. Bc2 Rb2 29. Kd2 Bb3 0-1

[Event "European Rapid 2017"]
[Site "Katowice POL"]
[Date "2017.12.16"]
[Round "5.59"]
[White "Jakubowski, Krzysztof"]
[Black "Skreno, Vladimir"]
[Result "1/2-1/2"]
[WhiteTitle "GM"]
[WhiteElo "2526"]
[BlackElo "2175"]
[WhiteFideId "1112848"]
[BlackFideId "14902893"]
[EventDate "2017.12.16"]

1. c4 Nf6 2. Nf3 g6 3. Nc3 Bg7 4. e4 d6 5. d4 O-O 6. h3 e5 7. d5 a5 8. Bg5 Na6
9. Bd3 Nc5 10. Bc2 Bd7 11. Qe2 Qe8 12. g4 a4 13. Nd2 Ra5 14. f3 h6 15. Be3 b6
16. h4 Nh7 17. O-O-O Qe7 18. Ndb1 Rb8 19. Na3 Nf8 20. Rd2 Kh7 21. Qd1 Rba8 22.
Kb1 Kg8 23. h5 g5 24. Nab5 Bxb5 25. Nxb5 Nb7 26. Rd3 R5a6 27. Ra3 Na5 28. Rxa4
Qd7 29. b3 Bf6 30. Qd3 Qc8 31. b4 Nb7 32. Rxa6 Rxa6 33. Nc3 Ra3 34. Bc1 Ra8 35.
Ba4 Bd8 36. Bc6 Be7 37. Rh2 Nd7 38. a4 Rb8 39. Bb5 Kg7 40. Nd1 Bf8 41. Ne3 Ra8
42. Ra2 Nb8 43. Nf5+ Kh7 44. Be3 f6 45. Qc3 Qd8 46. Kc2 Kg8 47. Kd1 Kh7 48. Ke2
Kg8 49. Kf2 Kh7 50. Kg3 Kg8 51. Ra3 Kh7 52. a5 bxa5 53. bxa5 Na6 54. Bc6 Rb8 55.
Ba7 Ra8 56. Qe3 Qc8 57. Bb5 Nac5 58. Bxc5 Nxc5 59. a6 Nxa6 60. Qc3 Nc5 61. Qa1
Rxa3 62. Qxa3 Qb8 63. Kh3 Kg8 64. Qa5 Nd3 65. Qa3 Nf4+ 66. Kg3 Qb6 67. Qe3 Qa5
68. Bd7 Qa1 69. Be6+ Kh8 70. Qf2 Qh1 71. Qh2 Qe1+ 72. Qf2 Qh1 73. Qh2 Qe1+ 74.
Qf2 Qh1 75. Qh2 Qf1 1/2-1/2

[Event "European Rapid 2017"]
[Site "Katowice POL"]
[Date "2017.12.16"]
[Round "5.61"]
[White "Brodowski, Piotr"]
[Black "Bablok, Maciej"]
[Result "1-0"]
[WhiteTitle "IM"]
[WhiteElo "2430"]
[BlackElo "2130"]
[WhiteFideId "1124480"]
[BlackFideId "1112112"]
[EventDate "2017.12.16"]

1. d4 Nf6 2. c4 e6 3. Nc3 Bb4 4. Qc2 b6 5. f3 Bb7 6. e4 d6 7. Qa4+ Nc6 8. d5
Bxc3+ 9. bxc3 Qd7 10. dxc6 Bxc6 11. Qc2 O-O 12. Bd3 e5 13. Ne2 Ba4 14. Qb2 Qe7
15. Bg5 h6 16. Bh4 g5 17. Bf2 Nh5 18. O-O Nf4 19. Nxf4 gxf4 20. Qc1 Qg5 21. g3
Kh8 22. Kh1 Qh5 23. Be1 Rg8 24. gxf4 Qh3 25. Qd2 Rg7 26. fxe5 Rag8 27. Bh4 Qxh4
28. exd6 Qh3 29. dxc7 Rg2 30. Qf4 Bd7 31. Rg1 R8g3 32. Qxg3 Rxg3 33. Rxg3 Qe6
34. Rag1 f6 35. e5 f5 36. Bxf5 Qxe5 37. Rg8# 1-0

[Event "European Rapid 2017"]
[Site "Katowice POL"]
[Date "2017.12.16"]
[Round "5.62"]
[White "Zelcic, Robert"]
[Black "Nestorenko, Dmitry"]
[Result "0-1"]
[WhiteTitle "GM"]
[WhiteElo "2501"]
[BlackElo "2253"]
[WhiteFideId "14500310"]
[BlackFideId "14129728"]
[EventDate "2017.12.16"]

1. e4 c5 2. Nf3 Nc6 3. d4 cxd4 4. Nxd4 Nf6 5. Nc3 e6 6. a3 Be7 7. Nxc6 bxc6 8.
e5 Nd5 9. Qg4 g6 10. Qg3 f5 11. Nxd5 cxd5 12. h4 Qa5+ 13. Bd2 Qb6 14. Rb1 Ba6
15. Bd3 Bxd3 16. cxd3 Bxa3 17. h5 Kf7 18. Bg5 Bb4+ 19. Ke2 Rac8 20. Bf6 Rc2+ 21.
Kf3 Qd4 22. Rbd1 Rxf2+ 23. Qxf2 Qg4+ 0-1

[Event "European Rapid 2017"]
[Site "Katowice POL"]
[Date "2017.12.16"]
[Round "5.63"]
[White "Sliwicki, Damian"]
[Black "Kanarek, Marcel"]
[Result "1/2-1/2"]
[BlackTitle "GM"]
[WhiteElo "2148"]
[BlackElo "2505"]
[WhiteFideId "1127128"]
[BlackFideId "1126822"]
[EventDate "2017.12.16"]

1. e4 c5 2. Nf3 d6 3. d4 Nf6 4. dxc5 Nxe4 5. cxd6 Nc6 6. dxe7 Qxd1+ 7. Kxd1 Bxe7
8. Be3 O-O 9. Nbd2 Rd8 10. Kc1 Nxd2 11. Nxd2 Bf5 12. c3 Ne5 13. Be2 Nd3+ 14.
Bxd3 Bxd3 15. a4 a6 16. Re1 Rac8 17. g3 b5 18. axb5 axb5 19. Bb6 Re8 20. Nf3 b4
21. Kd2 Bc4 22. Ra7 bxc3+ 23. bxc3 Bf8 24. Rxe8 Rxe8 25. Be3 Rb8 26. Ne5 Be6 27.
Nc6 Rc8 28. Ne7+ Bxe7 29. Rxe7 h6 30. Rb7 Bc4 31. Rb4 Kh7 32. Bd4 Kg6 33. Rb6+
f6 34. Rb4 Rc6 35. Ra4 Kf5 36. f3 Rc7 37. Ra5+ Ke6 38. Rc5 Rxc5 39. Bxc5 h5 40.
Ke3 g5 41. h4 gxh4 42. gxh4 Kd5 43. Be7 f5 44. Bd8 Bb5 45. Kf4 Be2 46. Bf6 Bd1
47. Ke3 Kc4 48. Bg7 Kd5 49. Bh8 1/2-1/2

[Event "European Rapid 2017"]
[Site "Katowice POL"]
[Date "2017.12.16"]
[Round "5.64"]
[White "Kolesnikovs, Ivans"]
[Black "Polzin, Rainer"]
[Result "0-1"]
[BlackTitle "GM"]
[WhiteElo "1996"]
[BlackElo "2404"]
[WhiteFideId "11602244"]
[BlackFideId "4610741"]
[EventDate "2017.12.16"]

1. d4 Nf6 2. c4 g6 3. Nc3 Bg7 4. e4 d6 5. Nf3 O-O 6. Be2 Na6 7. Bg5 h6 8. Bh4 g5
9. Bg3 Nh5 10. Qd2 e5 11. d5 f5 12. exf5 Bxf5 13. h4 g4 14. Nh2 Nf6 15. h5 Nc5
16. Bh4 Qd7 17. f3 gxf3 18. gxf3 Nxh5 19. O-O-O Nf4 20. Rdg1 Rf7 21. Ng4 Kf8 22.
Nf2 a6 23. Rg3 b5 24. cxb5 axb5 25. Bxb5 Nb3+ 26. Kd1 Rxa2 27. Nxa2 Qxb5 28. Qe3
Qxd5+ 29. Ke1 Qa5+ 30. Nc3 d5 31. Kf1 d4 32. Qe1 dxc3 33. bxc3 Qb5+ 34. Kg1 Ne2+
35. Kh2 Nxg3 36. Bxg3 Bg6 37. Qe3 Qd5 38. Rd1 Rxf3 39. Rxd5 Rxe3 40. Rd8+ Be8
41. Ng4 Re2+ 42. Kh3 h5 43. Nh2 Bf6 44. Rc8 h4 45. Ng4 Bg7 46. Bxh4 Rc2 47. Bf6
Rxc3+ 48. Kh2 e4 49. Bxc3 Bxc3 50. Rxc7 Bg7 51. Kg3 Nd4 52. Ra7 Ne6 53. Kg2 Bg6
54. Ne3 Bd4 55. Ra8+ Kf7 56. Nd5 e3 57. Kf1 Bd3+ 58. Ke1 Be4 59. Ra5 Nc5 60. Kd1
Bxd5 0-1

[Event "European Rapid 2017"]
[Site "Katowice POL"]
[Date "2017.12.16"]
[Round "5.65"]
[White "Dorokhin, Mykhailo"]
[Black "Pena Gomez, Manuel"]
[Result "1-0"]
[BlackTitle "IM"]
[WhiteElo "2243"]
[BlackElo "2491"]
[WhiteFideId "14114178"]
[BlackFideId "2252813"]
[EventDate "2017.12.16"]

1. e4 c5 2. d3 Nc6 3. Be3 e6 4. g3 d6 5. Bg2 g6 6. Nc3 Bg7 7. Qd2 Rb8 8. Nf3 Nd4
9. O-O b5 10. Rfb1 Ne7 11. Nd1 O-O 12. c3 Nxf3+ 13. Bxf3 Nc6 14. a3 a5 15. Bh6
Bxh6 16. Qxh6 b4 17. axb4 axb4 18. h4 bxc3 19. bxc3 Rxb1 20. Rxb1 Ba6 21. Be2
Ne5 22. Qe3 Qa5 23. h5 Qa2 24. Rb2 Qa1 25. Rd2 Bb5 26. Kg2 Bc6 27. d4 cxd4 28.
cxd4 Nd7 29. Bf3 Qa5 30. h6 d5 31. e5 Bb5 32. Qc3 Qd8 33. Rb2 Ba6 34. Qc6 Bd3
35. Ne3 Nb8 36. Qb7 Qc8 37. Qb3 Bf5 38. Nxf5 gxf5 39. Qe3 f6 40. exf6 Rxf6 41.
Bh5 f4 42. Qe5 f3+ 43. Kh2 Rxh6 44. Qg5+ Rg6 45. Bxg6 hxg6 46. Qxg6+ Kh8 47.
Qh5+ Kg8 48. Qg4+ Kh7 49. Qxf3 Nc6 50. Qf7+ Kh6 51. Re2 e5 52. Qf6+ Kh7 53. Rc2 1-0

[Event "European Rapid 2017"]
[Site "Katowice POL"]
[Date "2017.12.16"]
[Round "5.66"]
[White "Wilk, Krzysztof"]
[Black "Djuric, Stefan"]
[Result "0-1"]
[BlackTitle "GM"]
[WhiteElo "2125"]
[BlackElo "2383"]
[WhiteFideId "1116193"]
[BlackFideId "900133"]
[EventDate "2017.12.16"]

1. b4 e5 2. a3 d5 3. Bb2 Bd6 4. e3 Nf6 5. c4 c6 6. Nf3 e4 7. Nd4 O-O 8. Nc3 a5
9. cxd5 axb4 10. axb4 Rxa1 11. Qxa1 cxd5 12. b5 Re8 13. Qa2 Be5 14. Be2 h5 15.
h3 h4 16. Bd1 Bxd4 17. exd4 Qd6 18. Ba3 Qd8 19. Bb3 Be6 20. Bb4 Nh5 21. Nxd5 Qg5
22. Ne3 Bxb3 23. Qxb3 Qxb5 24. Qd5 Qxb4 25. Qxh5 Qb1+ 26. Qd1 Qd3 27. Qc2 Qa6
28. Qc4 Qxc4 29. Nxc4 Rc8 30. Ne3 Rc1+ 31. Nd1 Nc6 32. d3 Nxd4 33. dxe4 Rc2 34.
O-O Ne2+ 35. Kh2 b5 36. Ne3 Rc1 37. Rxc1 Nxc1 38. Nc2 Nd3 39. Kg1 b4 40. Kf1 b3
41. Na3 b2 42. Ke2 Nf4+ 43. Kf3 g5 44. g3 Nxh3 45. gxh4 gxh4 46. Kg4 Nxf2+ 47.
Kxh4 Nxe4 48. Nb1 f5 49. Kh3 Kf7 50. Kg2 Ke6 51. Kf3 Ke5 52. Ke3 f4+ 53. Kd3 f3
54. Ke3 f2 0-1

[Event "European Rapid 2017"]
[Site "Katowice POL"]
[Date "2017.12.16"]
[Round "5.67"]
[White "Ulanowski, Karol"]
[Black "Licznerski, Lukasz"]
[Result "0-1"]
[BlackTitle "FM"]
[WhiteElo "2149"]
[BlackElo "2267"]
[WhiteFideId "1108964"]
[BlackFideId "1179250"]
[EventDate "2017.12.16"]

1. e4 c6 2. d4 d5 3. Nc3 dxe4 4. Nxe4 Nd7 5. Ng5 Ngf6 6. Bd3 e6 7. N1f3 Bd6 8.
Qe2 h6 9. Ne4 Nxe4 10. Qxe4 Nf6 11. Qe2 b6 12. Bd2 Bb7 13. O-O-O Qc7 14. Ne5
O-O-O 15. f4 Kb8 16. Rhf1 c5 17. dxc5 Bxc5 18. g4 h5 19. g5 Nd5 20. g6 fxg6 21.
Bxg6 Rhf8 22. Bd3 Nf6 23. Kb1 a5 24. Ng6 Rfe8 25. Bb5 Bc6 26. Bc3 Kb7 27. Ne5
Bxb5 28. Qxb5 Rxd1+ 29. Rxd1 Rd8 30. Rxd8 Qxd8 31. Nd3 Qd5 32. Nxc5+ Qxc5 33.
Qxc5 bxc5 34. Bxa5 Ng4 35. h4 Ne3 36. Bd8 Kc6 37. a4 Kd5 38. Kc1 Kc4 39. b3+ Kb4
40. Kd2 Nd5 41. Bg5 c4 42. bxc4 Kxc4 43. Ke2 Nc3+ 44. Ke3 Nxa4 45. Ke4 Kc3 46.
Ke5 Kxc2 47. Kxe6 Kd3 48. Kf7 Ke4 49. Kxg7 Kf5 50. Kh6 Nc5 51. Kxh5 Ne4 52. Kh6
Ng3 53. Bd8 Kg4 54. Kg6 Nh5 55. f5 Nf4+ 56. Kf6 Kxh4 57. Ke5+ Kg4 58. f6 Ng6+
59. Ke6 Nh8 60. Be7 Kh5 61. Kf5 Nf7 62. Bf8 Nd8 63. Bg7 Nf7 64. Ke6 Kg6 65. Bf8 0-1

[Event "European Rapid 2017"]
[Site "Katowice POL"]
[Date "2017.12.16"]
[Round "5.68"]
[White "Polivanov, Anatoliy"]
[Black "Brzezinski, Mateusz"]
[Result "1-0"]
[WhiteTitle "IM"]
[WhiteElo "2383"]
[BlackElo "2164"]
[WhiteFideId "14109468"]
[BlackFideId "1177117"]
[EventDate "2017.12.16"]

1. d4 Nf6 2. c4 g6 3. f3 Nc6 4. d5 Ne5 5. e4 d6 6. Nc3 Bg7 7. f4 Ned7 8. Be3 O-O
9. Be2 e6 10. dxe6 fxe6 11. Nh3 b6 12. O-O Bb7 13. Qc2 Qe7 14. Bf3 e5 15. f5 a5
16. fxg6 hxg6 17. Nd5 Bxd5 18. exd5 e4 19. Be2 Nh7 20. Bg4 Rxf1+ 21. Rxf1 Ndf6
22. Be6+ Kh8 23. Ng5 Rf8 24. Qd2 Qe8 25. Nh3 Nd7 26. Nf4 Ne5 27. b3 g5 28. Nh3
Rxf1+ 29. Kxf1 g4 30. Nf2 Qh5 31. Nxe4 Qxh2 32. Qf2 Qh1+ 33. Qg1 Qh4 34. Qf2
Qh1+ 35. Qg1 Qh4 36. Ke2 Bh6 37. Qf2 g3 38. Qxg3 Qxg3 39. Nxg3 Bxe3 40. Kxe3 Kg7
41. Nf5+ Kf6 42. Nd4 Ng5 43. Nb5 Nxe6 44. dxe6 c6 45. Nxd6 Kxe6 46. Ne4 a4 47.
Nc3 axb3 48. axb3 Kd6 49. Kd4 Nd7 50. Ne4+ Ke6 51. g3 c5+ 52. Ke3 Ne5 53. Nc3
Nc6 54. Nb5 Na5 55. Nc7+ Kd6 56. Nd5 b5 57. Nb6 Nxb3 58. cxb5 Nd4 59. Nc4+ Kd5
60. Na3 Ne6 61. b6 Kc6 62. Nc4 Nd8 63. g4 Kd5 64. Kd3 Nc6 65. b7 Nb8 66. g5 Nc6
67. g6 Ke6 68. Ke4 Kf6 69. Ne5 Nb8 70. Kd5 Na6 71. Nd7+ Kxg6 72. Nxc5 Nb8 1-0

[Event "European Rapid 2017"]
[Site "Katowice POL"]
[Date "2017.12.16"]
[Round "5.69"]
[White "Kossobudzki, Robert"]
[Black "Jahncke, Giso"]
[Result "0-1"]
[BlackTitle "FM"]
[WhiteElo "2134"]
[BlackElo "2403"]
[WhiteFideId "1107887"]
[BlackFideId "24608289"]
[EventDate "2017.12.16"]

1. b4 e5 2. a3 d5 3. Bb2 Nd7 4. Nf3 Bd6 5. e3 Ne7 6. c4 c6 7. d4 e4 8. Nfd2 O-O
9. Nc3 a6 10. Be2 b5 11. c5 Bc7 12. a4 Rb8 13. axb5 axb5 14. O-O f5 15. f3 Nf6
16. f4 Kh8 17. Kh1 Rg8 18. g3 g5 19. Ra7 Be6 20. Qb3 Qd7 21. Nd1 Rg6 22. Nf2
gxf4 23. exf4 Rbg8 24. Rfa1 Rh6 25. Nf1 Ng6 26. Qe3 Qg7 27. Ra8 Bb8 28. Bc1 Bf7
29. Bd2 Ne7 30. R1a6 Nd7 31. Qb3 Bh5 32. Qd1 Bxe2 33. Qxe2 Re6 34. Ne3 Qf7 35.
Nh3 h6 36. Be1 Kh7 37. Ng1 Rg7 38. Ng2 Ng8 39. Ne3 Qg6 40. Nh3 Ngf6 41. Nf2 Bxf4
42. Nh3 Bg5 43. Ng2 Qh5 44. Qxh5 Nxh5 45. Rc8 f4 46. gxf4 Bf6 47. Rcxc6 Rxc6 48.
Rxc6 Bxd4 49. Rd6 Ndf6 50. Bh4 e3 51. Bxf6 Nxf6 52. c6 Ne4 53. Rd7 Nf2+ 54. Kg1
Nxh3+ 55. Kf1 Bb6 56. Nxe3 Nxf4 57. Nxd5 Nxd5 58. Rxd5 Rg5 59. Rd7+ Rg7 60. Rd5
Rc7 61. Rxb5 Rxc6 62. Rd5 Kg6 63. h4 h5 64. Ke2 Re6+ 65. Kd3 Bf2 66. Rg5+ Kh6
67. b5 Bxh4 68. Rc5 Re7 69. Rc4 Bg3 70. Re4 Rb7 71. Rb4 h4 72. Ke4 Rf7 73. Rb3
Kg5 74. b6 Kg4 75. b7 Rf8 76. Rc3 Rf7 77. Rb3 Bb8 78. Kd5 h3 79. Ke6 Rh7 80.
Rb4+ Kf3 81. Rb1 h2 82. Rh1 Ke2 83. Kf5 Kf2 84. Kg6 Rh3 85. Kg5 Kg2 0-1

[Event "European Rapid 2017"]
[Site "Katowice POL"]
[Date "2017.12.16"]
[Round "5.70"]
[White "Batsiashvili, Nino"]
[Black "Kubica, Kamil"]
[Result "1/2-1/2"]
[WhiteTitle "IM"]
[WhiteElo "2502"]
[BlackElo "2166"]
[WhiteFideId "13602993"]
[BlackFideId "1146360"]
[EventDate "2017.12.16"]

1. d4 Nf6 2. Nf3 d5 3. Bf4 e6 4. e3 c5 5. c3 Nc6 6. Nbd2 Bd6 7. Bg3 O-O 8. Bd3
Re8 9. Ne5 Qc7 10. f4 Qb6 11. Rb1 cxd4 12. exd4 h6 13. Qe2 Nd7 14. Qh5 Rf8 15.
O-O f5 16. Nxd7 Bxd7 17. Qe2 Rae8 18. Nf3 e5 19. Nxe5 Bxe5 20. fxe5 g5 21. Bf2
f4 22. Qh5 Re6 23. h4 Qd8 24. hxg5 Qxg5 25. Qxg5+ hxg5 26. Be1 Kg7 27. Bd2 Rh6
28. Kf2 Ne7 29. Rh1 Bf5 30. Rxh6 Kxh6 31. Bxf5 Nxf5 32. Ke2 Ng3+ 33. Kd3 f3 34.
gxf3 Rxf3+ 35. Be3 Nf5 36. Re1 Kg6 37. Kd2 g4 38. Bg1 Kf7 39. a4 Ke6 40. b3 Ng3
41. c4 Ne4+ 42. Kc2 Ng5 43. Be3 Nh3 44. cxd5+ Kxd5 45. Bh6 Rf7 46. Kd3 g3 47.
Be3 g2 48. Ke2 Rg7 49. Rc1 g1=Q 50. Bxg1 Nxg1+ 51. Ke3 Nh3 52. Rc5+ Ke6 53. Kd3
Nf4+ 54. Ke4 Rg4 55. Kf3 Rh4 56. Rc7 Nd5 57. Rxb7 a5 58. Rb5 Rxd4 59. Rxa5 Rd3+
60. Ke4 Rd1 61. Ra6+ Ke7 62. a5 Nc3+ 63. Ke3 Rb1 64. Kd3 Rxb3 65. Kc4 Ra3 66.
Kb4 Nb1 67. Rh6 Ra2 68. a6 Nd2 69. a7 Nf3 70. Kb5 Nxe5 71. Ra6 Rb2+ 72. Kc5 Rc2+
73. Kd5 Rc8 74. a8=Q Rxa8 75. Rxa8 Kf6 76. Rf8+ Nf7 77. Re8 Kf5 78. Re7 Kf6 79.
Re6+ Kf5 80. Ra6 Ng5 81. Ra1 Kf4 82. Rf1+ Nf3 83. Rf2 Ke3 84. Ra2 Kf4 85. Ra4+
Kf5 86. Kd6 Ng5 87. Ke7 Ne4 88. Ra5+ Kf4 89. Kf7 Ng5+ 90. Kg6 Ne4 91. Rb5 Nd6
92. Rd5 Ne4 93. Rf5+ Ke3 94. Rf8 Kd4 95. Kf5 Nd6+ 96. Kf4 Kd5 97. Rf6 Ne4 98.
Rf5+ Kd4 99. Re5 Nd6 100. Re1 Kd5 101. Re2 Nc4 102. Re8 Nd6 103. Re1 Nc4 104.
Rd1+ Kc5 105. Rd3 Nb2 106. Rd8 Nc4 107. Ke4 Nd6+ 108. Kd3 Kd5 109. Rh8 Nf5 1/2-1/2

[Event "European Rapid 2017"]
[Site "Katowice POL"]
[Date "2017.12.16"]
[Round "5.71"]
[White "Weber, Robert"]
[Black "Konopka, Michal"]
[Result "0-1"]
[BlackTitle "IM"]
[WhiteElo "2125"]
[BlackElo "2381"]
[WhiteFideId "1124331"]
[BlackFideId "308633"]
[EventDate "2017.12.16"]

1. d4 Nf6 2. Nf3 g6 3. c4 Bg7 4. Nc3 d5 5. Bf4 O-O 6. e3 c5 7. dxc5 Qa5 8. Be2
dxc4 9. O-O Nc6 10. Bxc4 Qxc5 11. Qa4 a6 12. Rac1 Bd7 13. Ne4 Qb6 14. Nc5 Be8
15. Qb3 Qxc5 16. Qxb7 Qa7 17. Bxf7+ Rxf7 18. Qb3 h6 19. Rfd1 Nh5 20. Qe6 Nxf4
21. exf4 Nd8 22. Qxg6 Rf8 23. Qe4 Qb7 24. Qxb7 Nxb7 25. Rc7 Rd8 26. Rxd8 Nxd8
27. Rxe7 Bxb2 28. Ne5 Nc6 29. Re6 Nxe5 30. fxe5 Bb5 31. h4 Bd4 32. Rxh6 Rxf2 33.
Kh2 Bxe5+ 34. Kg1 Rxa2 0-1

[Event "European Rapid 2017"]
[Site "Katowice POL"]
[Date "2017.12.16"]
[Round "5.72"]
[White "Wieczorek, Oskar"]
[Black "Jaracz, Barbara"]
[Result "1/2-1/2"]
[WhiteTitle "IM"]
[BlackTitle "WGM"]
[WhiteElo "2463"]
[BlackElo "2245"]
[WhiteFideId "1133950"]
[BlackFideId "1107453"]
[EventDate "2017.12.16"]

1. e4 e5 2. Nf3 Nc6 3. Bb5 a6 4. Ba4 Nf6 5. O-O Be7 6. Re1 b5 7. Bb3 d6 8. c3
O-O 9. a4 Bg4 10. h3 Bh5 11. d3 Qd7 12. Nbd2 Na5 13. Bc2 c5 14. Nf1 c4 15. Ng3
Bg6 16. d4 Qc7 17. Nf5 Bxf5 18. exf5 Nd7 19. dxe5 Nxe5 20. Nd4 Rab8 21. axb5
axb5 22. Rxa5 Qxa5 23. f4 Bh4 24. fxe5 Bxe1 25. f6 g6 26. Qxe1 dxe5 27. Qxe5
Rfe8 28. Qg5 Qb6 29. Bf4 Rbd8 30. Be5 Rxe5 31. Qxe5 b4 32. Kh2 bxc3 33. bxc3 Qd6
34. Nf3 Qxe5+ 35. Nxe5 Rd2 36. Ba4 Rf2 37. Nxc4 Rxf6 38. Nd2 Kg7 39. c4 Rf2 40.
Nf3 Ra2 41. Bc6 Rc2 42. Bd5 f5 43. Nd4 Rc1 44. Nb3 Rd1 45. Bf3 Rd3 46. Na5 Rc3
47. Kg3 Kf6 48. Kf2 g5 49. Ke2 Ke5 50. Kd2 Ra3 51. Nc6+ Kf4 52. Nb4 g4 53. hxg4
fxg4 54. Bd5 Ke5 55. c5 Ra4 56. c6 Kd6 57. Kc3 h5 58. Kc4 h4 59. Kb5 Ra1 60. Be4
h3 61. gxh3 gxh3 62. Kb6 Ra4 63. Kb5 Ra1 64. Kb6 Ra4 65. Kb5 Ra1 66. Kb6 Ra4 67.
Kb5 Ra1 68. Kb6 1/2-1/2

[Event "European Rapid 2017"]
[Site "Katowice POL"]
[Date "2017.12.16"]
[Round "5.73"]
[White "Pulpan, Jakub"]
[Black "Tuomainen, Felix"]
[Result "1/2-1/2"]
[WhiteTitle "IM"]
[BlackTitle "FM"]
[WhiteElo "2400"]
[BlackElo "2174"]
[WhiteFideId "302759"]
[BlackFideId "1720813"]
[EventDate "2017.12.16"]

1. d4 Nf6 2. Bf4 d5 3. e3 c5 4. c3 Nc6 5. Nd2 e6 6. Ngf3 Bd6 7. Bg3 O-O 8. Bb5
a6 9. Bxc6 bxc6 10. Qa4 Bb7 11. Bxd6 Qxd6 12. Qa3 Rfd8 13. dxc5 Qe7 14. Ne5 Nd7
15. Nxd7 Rxd7 16. O-O e5 17. Nb3 Bc8 18. Na5 Rc7 19. c4 Qg5 20. f4 Qg6 21. Rf3
Be6 22. Raf1 Bg4 23. Rg3 Qe6 24. Qc3 f6 25. fxe5 fxe5 26. b4 Rd8 27. cxd5 cxd5
28. c6 d4 29. Qd2 d3 30. e4 Be2 31. Rf2 Rd4 32. Nb3 Qxc6 33. h3 Qxe4 34. Re3 Qd5
35. Nxd4 Qxd4 36. Rfxe2 dxe2 37. Qxd4 exd4 38. Rxe2 Rc4 39. a3 Rc3 40. Rd2 d3
41. a4 Rb3 42. a5 Rxb4 43. Rxd3 Rb5 44. Ra3 Kf7 45. Kf2 Ke6 46. Ke3 Ke5 47. Kd3
h5 48. Kc4 Kf6 49. Kd4 Kf5 50. Rf3+ Kg6 51. Ra3 Kf5 52. Ra4 Kf6 53. Ke4 Re5+ 54.
Kd3 Rb5 55. Ra2 Ke5 56. Kc4 Kf6 57. Rf2+ Kg6 58. Ra2 Kf6 59. Ra3 Kg6 60. h4 Kf6
61. Rf3+ Kg6 62. Rg3+ Kh6 63. Rg5 Rb2 64. Kc5 g6 65. Kc6 Rb4 66. g3 Rb3 67. Kc7
Rb4 68. Kd7 Rb3 69. Ke7 Kh7 70. Kd7 Rc3 71. Kd6 Kh6 72. Kd5 Kh7 73. Kd4 Rc1 74.
Rc5 Rg1 75. Rc3 Ra1 76. Rc7+ Kh6 77. Rc5 Rg1 78. Rg5 Rc1 79. Ke5 Kh7 80. Kf6
Rf1+ 81. Ke7 Re1+ 82. Kd7 Rc1 83. Kd6 Rc2 84. Kd5 Rc1 85. Kd4 Rc2 86. Kd3 Rc1
87. Kd2 Rc4 88. Ke3 Rc1 89. Re5 Rc3+ 90. Kf4 Rc4+ 91. Re4 Rc5 92. Re7+ Kh6 93.
Re5 Rc4+ 94. Kf3 Rc3+ 95. Kg2 Rc2+ 96. Kh3 Ra2 97. Rg5 Kh7 98. Rc5 Kh6 99. Rg5
Kh7 100. g4 Ra3+ 101. Kg2 hxg4 102. h5 gxh5 103. Rxh5+ Kg6 104. Rc5 Kf7 105. Rg5
Ke7 106. Rxg4 Rxa5 107. Kf3 Ra3+ 108. Ke2 Kd6 109. Kd2 Kc5 110. Kc2 a5 111. Kb2
Rh3 112. Rg5+ Kb4 113. Rg4+ Kb5 114. Rg5+ Kb4 115. Rg4+ 1/2-1/2

[Event "European Rapid 2017"]
[Site "Katowice POL"]
[Date "2017.12.16"]
[Round "5.74"]
[White "Rigopoulos-Tsigkos, Alexandros"]
[Black "Maier, Christian"]
[Result "0-1"]
[BlackTitle "IM"]
[WhiteElo "2117"]
[BlackElo "2393"]
[WhiteFideId "4215109"]
[BlackFideId "4601955"]
[EventDate "2017.12.16"]

1. e4 e6 2. d4 d5 3. Nd2 c5 4. Ngf3 Nc6 5. c3 cxd4 6. cxd4 dxe4 7. Nxe4 Nf6 8.
Nc3 Be7 9. Bc4 O-O 10. a3 b6 11. d5 exd5 12. Nxd5 Nxd5 13. Bxd5 Bb7 14. O-O Bf6
15. Rb1 Re8 16. Bf4 Qd7 17. Bg5 Qf5 18. Bxf6 Qxf6 19. Qa4 a6 20. b4 b5 21. Qb3
Nd8 22. Rbd1 Bxd5 23. Rxd5 Ne6 24. g3 Rac8 25. Rd3 h6 26. Rfd1 Rc4 27. Re3 Rec8
28. Rde1 Rc3 29. Qd5 Rc2 30. Qe5 Qxe5 31. Nxe5 Rc1 32. Rxc1 Rxc1+ 33. Kg2 g5 34.
Rd3 Re1 35. Ng4 Kg7 36. Ne3 Ra1 37. Kf3 h5 38. Kg2 Ra2 39. Nf5+ Kf6 40. Ne3 h4
41. gxh4 Nf4+ 0-1

[Event "European Rapid 2017"]
[Site "Katowice POL"]
[Date "2017.12.16"]
[Round "5.75"]
[White "Sadzikowski, Daniel"]
[Black "Leveikina, Jevgenija"]
[Result "1-0"]
[WhiteTitle "GM"]
[BlackTitle "WFM"]
[WhiteElo "2584"]
[BlackElo "2109"]
[WhiteFideId "1132253"]
[BlackFideId "4682157"]
[EventDate "2017.12.16"]

1. e4 c6 2. d4 d5 3. exd5 cxd5 4. Bd3 Nc6 5. c3 Qc7 6. Ne2 Bg4 7. O-O e6 8. Qe1
Bd6 9. f3 Bh5 10. Qh4 Bg6 11. Bxg6 fxg6 12. Bf4 e5 13. dxe5 Bxe5 14. Bxe5 Qxe5
15. Na3 Nge7 16. Rfe1 Qf6 17. Qxf6 gxf6 18. Rad1 O-O-O 19. Nb5 Rhe8 20. Ned4
Nxd4 21. Nxd4 Nc6 22. Rxe8 Rxe8 23. Kf2 Kd7 24. Nc2 Ke6 25. h4 Rd8 26. Ke3 Ne5
27. Nd4+ Kf7 28. b3 Rc8 29. Ne2 Rd8 30. Nf4 Rc8 31. Nxd5 Re8 32. Kf2 h6 33. c4
g5 34. h5 g4 35. f4 g3+ 36. Kxg3 Rg8+ 37. Kf2 Ng4+ 38. Ke2 Nh2 39. Ne3 Re8 40.
Kf2 f5 41. Rd7+ Kf6 42. Rxb7 Re4 43. Nd5+ Ke6 44. Re7+ Kd6 45. Rxe4 fxe4 46. Ne3
Kc5 47. f5 Kd4 48. f6 1-0

[Event "European Rapid 2017"]
[Site "Katowice POL"]
[Date "2017.12.16"]
[Round "5.76"]
[White "Cieslar, Michal"]
[Black "Sabuk, Piotr"]
[Result "0-1"]
[BlackTitle "IM"]
[WhiteElo "2032"]
[BlackElo "2382"]
[WhiteFideId "1141066"]
[BlackFideId "1137565"]
[EventDate "2017.12.16"]

1. e4 d6 2. d4 Nf6 3. Nc3 g6 4. Be2 Bg7 5. Be3 c6 6. a4 Nbd7 7. h4 h5 8. Nh3 Qa5
9. O-O e5 10. d5 Qc7 11. f4 exf4 12. Bxf4 Ne5 13. Ng5 Nfg4 14. a5 O-O 15. g3 a6
16. Qd2 Bd7 17. Rad1 c5 18. Bxg4 Bxg4 19. b3 Qxa5 20. Ne2 Qxd2 21. Rxd2 b5 22.
Kg2 b4 23. Nc1 Bd7 24. Nd3 Bb5 25. Bxe5 Bxe5 26. Rf3 Bxd3 27. Rdxd3 a5 28. Rd1
a4 29. bxa4 Rxa4 30. Rdf1 f6 31. Ne6 Rfa8 32. Kh3 Ra3 33. Rxf6 Rxg3+ 0-1

[Event "European Rapid 2017"]
[Site "Katowice POL"]
[Date "2017.12.16"]
[Round "5.77"]
[White "Pultinevicius, Paulius"]
[Black "Krzywda, Andrzej"]
[Result "1-0"]
[WhiteTitle "IM"]
[WhiteElo "2371"]
[BlackElo "2171"]
[WhiteFideId "12809390"]
[BlackFideId "1114565"]
[EventDate "2017.12.16"]

1. d4 Nf6 2. c4 e6 3. g3 d5 4. Nf3 Be7 5. Bg2 O-O 6. O-O dxc4 7. Ne5 Nc6 8. Nxc6
bxc6 9. e3 Rb8 10. Qa4 Rb6 11. Nd2 Ba6 12. Nxc4 Bxc4 13. Qxc4 Qd7 14. b3 Rd8 15.
Bb2 Nd5 16. Rac1 a5 17. Bf3 Rdb8 18. Rfd1 Nb4 19. Ra1 h6 20. Bc3 a4 21. bxa4 Nd5
22. Be1 Bb4 23. a5 Rb5 24. a4 Rxa5 25. Rdb1 c5 26. dxc5 Rxa4 27. Rxa4 Qxa4 28.
Bxd5 exd5 29. Qd4 Qc2 30. Rxb4 Rd8 31. Bc3 Qg6 32. h4 h5 33. Rb7 c6 34. Rc7 Rb8
35. Rxc6 Qh7 36. Kg2 1-0